书目信息 |
| 题名: |
金代丝织艺术
|
|
| 作者: | 赵评春 , 赵鲜姬 著 | |
| 分册: | ||
| 出版信息: | 北京 科学出版社 2001 |
|
| 页数: | 116+[30]页图版 | |
| 开本: | 16开 | |
| 丛书名: | ||
| 单 册: | ||
| 中图分类: | K876.9 | |
| 科图分类: | ||
| 主题词: | 丝织物--研究--中国--金代(1115-1234) | |
| 电子资源: | ||
| ISBN: | 7-03-009024-1 | |
| 000 | 00771nam0 2200217 45 | |
| 001 | 0210210945 | |
| 005 | 20031219104058.7 | |
| 010 | @a7-03-009024-1@b精装@dCNY298.00 | |
| 100 | @a20021021d2001 km y0chiy0120 ea | |
| 101 | 0 | @achi |
| 105 | @af z 000yy | |
| 200 | 1 | @a金代丝织艺术@AJin Dai Si Zhi Yi Shu@e古代金锦与丝织专题考释@EGu Dai Jin Jin Yu Si Zhi Zhuan Ti Kao Shi@f赵评春,赵鲜姬著@FZhao Ping Chun,Zhao Xian Ji Zhu |
| 210 | @a北京@c科学出版社@d2001 | |
| 215 | @a116+[30]页图版@c彩图@d16开 | |
| 517 | @a古代金锦与丝织专题考释@AGu Dai Jin Jin Yu Si Zhi Zhuan Ti Kao Shi | |
| 606 | 0 | @a丝织物@x研究@y中国@z金代(1115-1234) |
| 690 | @aK876.9@v4 | |
| 701 | @a赵评春@4著 | |
| 701 | 0 | @a赵鲜姬@4著 |
| 801 | @aCN@bTSTC@c20021021 | |
| 905 | @b315790-792@dK876.9@f3@e128 | |
| 金代丝织艺术:古代金锦与丝织专题考释/赵评春,赵鲜姬著.-北京:科学出版社,2001 |
| 116+[30]页图版:彩图;16开 |
| ISBN 7-03-009024-1(精装):CNY298.00 |
| ● |
| 相关链接 |
|
|
|
|
正题名:金代丝织艺术
索取号:K876.9/128
 
预约/预借
| 序号 | 登录号 | 条形码 | 馆藏地/架位号 | 状态 | 备注 |
| 1 | 0315790 | 203157902 | 第二借阅区/ [索取号:K876.9/128] | 在馆 | |
| 2 | 0315791 | 203157911 | 第二借阅区/ [索取号:K876.9/128] | 在馆 | |
| 3 | 0315792 | 203157920 | 第二样本阅览室/ [索取号:K876.9/128] | 在馆 |